000 00313nam a2200109Ia 4500
008 200302s9999 xx 000 0 und d
100 _aM. F. Chaplin
245 _aGoing Metric in the Construction Industry 2. Dimensional Co-Ordination
260 _bHer Majesty s Stationery Office
260 _c1968
300 _a47 P.,
999 _c507
_d507